Protection of cultural property in Austria (Record no. 70574)

MARC details
000 -LEADER
fixed length control field 01238cam a2200241 4500
001 - CONTROL NUMBER
control field ABS65579
008 - FIXED-LENGTH DATA ELEMENTS--GENERAL INFORMATION
fixed length control field 020625n2002 000 0 eng u
035 ## - SYSTEM CONTROL NUMBER
System control number (Sirsi) u118528
100 ## - MAIN ENTRY--PERSONAL NAME
Personal name Gach, A.
245 ## - TITLE STATEMENT
Title Protection of cultural property in Austria
260 ## - PUBLICATION, DISTRIBUTION, ETC.
Date of publication, distribution, etc. 2002
490 ## - SERIES STATEMENT
Series statement Art Antiquity and Law
Volume/sequential designation 6(4) December 2001, 309-324(16)
520 ## - SUMMARY, ETC.
Summary, etc. Outlines the problems and ways of tackling the issue of theft of the cultural property of Austria. In 2001 art thefts totalled 147 - the majority of stolen items were paintings and sculptures. The article looks at the kinds of art theft carried out; the organisations who fight against thefts and illegal excavations; the Austrian art and antiquities trade; Austrial law; international conventions; the role of museums and how the Internet plays a central role for law enforcement agencies. Concludes that the situation in Austria is managed fairly well, although there is still plenty that can be done to improve the situation.
590 ## - LOCAL NOTE (RLIN)
Local note ABS
650 ## - SUBJECT ADDED ENTRY--TOPICAL TERM
Topical term or geographic name entry element ART THEFT
650 ## - SUBJECT ADDED ENTRY--TOPICAL TERM
Topical term or geographic name entry element AUSTRIA
650 ## - SUBJECT ADDED ENTRY--TOPICAL TERM
Topical term or geographic name entry element CULTURAL PROPERTY
650 ## - SUBJECT ADDED ENTRY--TOPICAL TERM
Topical term or geographic name entry element LAW ENFORCEMENT
650 ## - SUBJECT ADDED ENTRY--TOPICAL TERM
Topical term or geographic name entry element ANTIQUES TRADE
690 ## - LOCAL SUBJECT ADDED ENTRY--TOPICAL TERM (OCLC, RLIN)
Topical term or geographic name as entry element Arts and antiques
9 (RLIN) 6217
700 ## - ADDED ENTRY--PERSONAL NAME
Personal name Szemethy, H.D.
942 ## - ADDED ENTRY ELEMENTS (KOHA)
Suppress in OPAC 0
Holdings
Withdrawn status Lost status Source of classification or shelving scheme Damaged status Not for loan Home library Current library Shelving location Date acquired Total Checkouts Full call number Barcode Date last seen Copy number Price effective from Koha item type
    Dewey Decimal Classification     London London Journal article 25/06/2002   ABS65579 118528-1001 06/08/2019 1 06/08/2019 Journal article